000 00685nam a2200277Ia 4500
005 20260324111300.0
008 008 260324s9999 xx 000 0 eng d
020 _a9781003600374
037 _aEBOOK
040 _aCRL
040 _beng
040 _cCRL
041 _2eng
041 _aeng
084 _qCRL
100 _aVivek Sachdeva; Chandrakant A. Langare; Hariprasad Athanickal
_91137903
245 0 _aSouth Asia in Alternative Cinema(s)
260 _bTaylor and Francis
260 _c2025
365 _a
365 _b230
856 _uhttp://www.taylorfrancis.com/books/9781003600374
942 _cEBOOK
999 _c1726674
_d1726674